Top 25 MLB Players With The Most Home Runs In a Season - Statistics

General Stats
  • This quiz has been taken 27 times
  • The average score is 21 of 25
Answer Stats
Homers Team Year Answer % Correct
62 Yankees 2022 Aaron Judge
100%
58 Yankees 2024 Aaron Judge
100%
73 Giants 2001 Barry Bonds
100%
60 Yankees 1927 Babe Ruth
96%
59 Yankees 1921 Babe Ruth
96%
60 Mariners 2025 Cal Raleigh
96%
70 Cardinals 1998 Mark McGwire
96%
65 Cardinals 1999 Mark McGwire
96%
58 Cardinals 1997 Mark McGwire
96%
66 Cubs 1998 Sammy Sosa
96%
64 Cubs 2001 Sammy Sosa
96%
63 Cubs 1999 Sammy Sosa
96%
55 Dodgers 2024 Shohei Ohtani
96%
56 Mariners 1997 Ken Griffey Jr
88%
56 Mariners 1998 Ken Griffey Jr
88%
56 Phillies 2025 Kyle Schwarber
88%
55 Yankees 1961 Mickey Mantle
85%
57 Yankees 2002 Alex Rodriguez
81%
59 Yankees 2017 Giancarlo Stanton
81%
57 Diamondbacks 2001 Luis Gonzalez
81%
61 Yankees 1961 Roger Maris
81%
58 Phillies 2006 Ryan Howard
73%
58 Athletics 1932 Jimmie Foxx
62%
56 Dodgers 1930 Hack Wilson
38%
58 Tigers 1938 Hank Greenburg
19%
No matching quizzes found
Score Distribution
Percent of People with Each Score
Percentile by Number Answered
Your Score History
You have not taken this quiz